[Event "Anogia op 8th"]
[Site "Anogia"]
[Date "2019.08.23"]
[Round "7"]
[White "Polakhare, Aryan"]
[Black "Bogdanov, Egor"]
[Result "0-1"]
[WhiteElo "1914"]
[BlackElo "2419"]
[PlyCount "170"]
[EventDate "2019.08.18"]
[EventType "swiss"]
[EventRounds "9"]
[EventCountry "GRE"]
[SourceTitle "EXT 2020"]
[Source "ChessBase"]
[SourceDate "2019.10.17"]
[SourceVersion "1"]
[SourceVersionDate "2019.10.17"]
[SourceQuality "1"]

1. e4 c5 2. Nf3 g6 3. d4 Bg7 4. c4 cxd4 5. Nxd4 Nc6 6. Be3 Nf6 7. Nc3 0-0 8. Be2 b6 9. f4 Nxd4 10. Bxd4 Bb7 11. 0-0 d6 12. Bf3 Qc7 13. b3 e5 14. Nb5 Qe7 15. Bb2 Rfd8 16. fxe5 dxe5 17. Qe2 Rd7 18. Nc3 Rad8 19. Rfd1 Qc5+ 20. Kh1 Rxd1+ 21. Rxd1 Rxd1+ 22. Nxd1 h5 23. g3 Bh6 24. Nc3 Bc8 25. Nd5 Nxd5 26. cxd5 f6 27. Kg2 Bd7 28. Qc4 Qe3 29. Qc3 Bb5 30. Qxe3 Bxe3 31. Bd1 Bd3 32. Kf3 Bg1 33. Be2 Bb1 34. a4 Bc2 35. Bc4 Bc5 36. h3 Bd1+ 37. Kg2 Kf8 38. Bc3 a5 39. Bd2 Ke7 40. Bc1 g5 41. h4 g4 42. d6+ Bxd6 43. Be3 Bc7 44. Kf2 Bc2 45. Bd5 Bd1 46. Bc4 Bf3 47. Bd3 Kd7 48. Bd2 Bd6 49. Be3 Kc7 50. Bc2 Bb4 51. Bd3 Bc3 52. Bc4 Bxe4 53. Bf7 Bc2 54. Bxh5 Bxb3 55. Bxg4 Bxa4 56. Bf5 Be8 57. g4 a4 58. h5 a3 59. Bb1 f5 60. gxf5 Bxh5 61. Bc1 Bb4 62. Ba2 Bg4 63. f6 Kd7 64. f7 Be6 65. Bh6 Bc5+ 66. Ke1 Bb4+ 67. Kf2 Bxa2 68. f8Q Bxf8 69. Bxf8 Ke6 70. Ke3 Kd5 71. Bxa3 Bb1 72. Bb2 b5 73. Bc3 Bg6 74. Bb2 b4 75. Kd2 e4 76. Bc1 Kc4 77. Bb2 Kb3 78. Bf6 Ka2 79. Kc1 b3 80. Bc3 e3 81. Bd4 e2 82. Kd2 Bh5 83. Ke1 b2 84. Bxb2 Kxb2 85. Kd2 Kb3 0-1

[Event "Gujarat op 1st"]
[Site "Ahmedabad"]
[Date "2018.10.09"]
[Round "6"]
[White "Polakhare, Aryan"]
[Black "Arpita, Mukherjee"]
[Result "0-1"]
[WhiteElo "1920"]
[BlackElo "2147"]
[PlyCount "126"]
[EventDate "2018.10.05"]
[EventType "swiss"]
[EventRounds "10"]
[EventCountry "IND"]
[SourceTitle "CBM 186 Extra"]
[Source "ChessBase"]
[SourceDate "2018.08.24"]
[SourceVersion "1"]
[SourceVersionDate "2018.08.24"]
[SourceQuality "1"]

1. e4 c5 2. Nf3 d6 3. Nc3 e5 4. Bc4 Nc6 5. d3 Be7 6. h3 Nf6 7. a4 0-0 8. 0-0 Be6 9. Re1 h6 10. Nd5 Bxd5 11. Bxd5 Nxd5 12. exd5 Nb4 13. c4 f5 14. Ra3 Bf6 15. a5 Re8 16. Nd2 Qd7 17. Nf1 b5 18. Bd2 bxc4 19. dxc4 Rab8 20. Bc3 Bg5 21. f3 e4 22. fxe4 Rxe4 23. b3 Rbe8 24. Ra4 Bh4 25. Rxe4 fxe4 26. Bxb4 cxb4 27. Ne3 Rf8 28. Ra2 Qf7 29. Kh1 Qf4 30. Re2 h5 31. c5 dxc5 32. d6 Qe5 33. Nc4 Qe6 34. Kg1 Bf6 35. Qe1 Bd4+ 36. Kh1 e3 37. Nxe3 Qxd6 38. Nc4 Qg6 39. Re7 Rf2 40. Qe6+ Qxe6 41. Rxe6 Rf1+ 42. Kh2 h4 43. g4 Rf2+ 44. Kh1 Rf3 45. Kg2 Rg3+ 46. Kh2 Rxb3 47. Ra6 Rc3 48. Nd6 Be5+ 49. Kg2 Bxd6 50. Rxd6 b3 51. Rd7 c4 52. Rb7 Rc2+ 53. Kf3 b2 54. Ke4 c3 55. Rb8+ Kh7 56. g5 Rc1 57. Kf5 b1Q+ 58. Rxb1 Rxb1 59. a6 g6+ 60. Ke4 c2 61. Kf3 c1Q 62. Kg2 Qe3 63. Kh2 Qg3# 0-1

[Event "Gujarat op 1st"]
[Site "Ahmedabad"]
[Date "2018.10.07"]
[Round "4"]
[White "Parnali, S Dharia"]
[Black "Polakhare, Aryan"]
[Result "0-1"]
[WhiteElo "2211"]
[BlackElo "1920"]
[PlyCount "40"]
[EventDate "2018.10.05"]
[EventType "swiss"]
[EventRounds "10"]
[EventCountry "IND"]
[SourceTitle "CBM 186 Extra"]
[Source "ChessBase"]
[SourceDate "2018.08.24"]
[SourceVersion "1"]
[SourceVersionDate "2018.08.24"]
[SourceQuality "1"]

1. d4 Nf6 2. g3 e6 3. c4 Bb4+ 4. Bd2 Bxd2+ 5. Nxd2 d6 6. Bg2 e5 7. Ngf3 Qe7 8. Qb3 0-0 9. 0-0 c6 10. dxe5 dxe5 11. Rad1 Nbd7 12. Qc3 Re8 13. Ng5 Nc5 14. b4 Ne6 15. Nxe6 Bxe6 16. a3 Bg4 17. Bf3 e4 18. Bxg4 Nxg4 19. f3 exf3 20. Rxf3 Qxe2 0-1

[Event "IND-ch U15"]
[Site "Kolkata"]
[Date "2018.07.18"]
[Round "3"]
[White "Polakhare, Aryan"]
[Black "Rakshith, Srinivasan"]
[Result "1/2-1/2"]
[WhiteElo "2101"]
[BlackElo "1736"]
[PlyCount "131"]
[EventDate "2018.07.17"]
[EventType "swiss"]
[EventRounds "11"]
[EventCountry "IND"]
[SourceTitle "CBM 186 Extra"]
[Source "ChessBase"]
[SourceDate "2018.08.24"]
[SourceVersion "1"]
[SourceVersionDate "2018.08.24"]
[SourceQuality "1"]

1. e4 e5 2. Nf3 Nc6 3. Bb5 a6 4. Ba4 Nf6 5. d3 b5 6. Bb3 Be7 7. a3 0-0 8. Nc3 d6 9. h3 Na5 10. Ba2 c5 11. 0-0 Bb7 12. Ne2 d5 13. exd5 Bxd5 14. Bxd5 Qxd5 15. Nc3 Qd6 16. Re1 Nc6 17. Qe2 Nd7 18. Ne4 Qc7 19. a4 Rfe8 20. Nc3 Qb7 21. Qe4 Nf6 22. Qe2 Nd7 23. Nd5 Bd6 24. Ng5 h6 25. Nf3 Nd4 26. Qe4 Kh8 27. Nxd4 exd4 28. Qxe8+ Rxe8 29. Rxe8+ Kh7 30. Nf4 Nf6 31. Re1 bxa4 32. Rxa4 Bxf4 33. Bxf4 Qxb2 34. Rc4 Nd5 35. Bd6 Nc3 36. Bxc5 Qxc2 37. Kh2 Qxf2 38. Ra1 Qf4+ 39. Kh1 Ne2 40. Bb6 Qf2 41. Bc7 Qe3 42. Rca4 Qxd3 43. Rxa6 Qc4 44. Bh2 d3 45. R6a2 Qd4 46. Rf1 d2 47. Rd1 Nc3 48. Raxd2 Qe3 49. Rd3 Qe2 50. R3d2 Qxd1+ 51. Rxd1 Nxd1 52. Be5 f5 53. Bd4 g5 54. Kg1 f4 55. Kf1 Kg6 56. Ke2 Ne3 57. Bxe3 fxe3 58. Kxe3 Kf5 59. Kf3 h5 60. Ke3 Ke5 61. g3 h4 62. Kf3 hxg3 63. Kxg3 Kf5 64. Kf3 Kg6 65. Kg4 Kh6 66. h4 1/2-1/2

[Event "Commonwealth-ch"]
[Site "New Delhi"]
[Date "2018.06.29"]
[Round "4"]
[White "Nandhidhaa, PV."]
[Black "Polakhare, Aryan"]
[Result "1-0"]
[WhiteElo "2270"]
[BlackElo "2009"]
[PlyCount "105"]
[EventDate "2018.06.26"]
[EventType "swiss"]
[EventRounds "9"]
[EventCountry "IND"]
[SourceTitle "CBM 185 Extra"]
[Source "ChessBase"]
[SourceDate "2018.07.29"]
[SourceVersion "1"]
[SourceVersionDate "2018.07.29"]
[SourceQuality "1"]

1. e4 e6 2. d4 d5 3. Nd2 c5 4. Ngf3 cxd4 5. Nxd4 Nc6 6. Bb5 Bd7 7. Nxc6 bxc6 8. Bd3 Bd6 9. 0-0 Qc7 10. h3 Nf6 11. Re1 0-0 12. c4 d4 13. e5 Bxe5 14. Nf3 Bf4 15. Nxd4 Rfd8 16. Qf3 Be5 17. Qe3 Bh2+ 18. Kh1 e5 19. Kxh2 exd4+ 20. Qf4 Qxf4+ 21. Bxf4 c5 22. g4 h6 23. Re7 Rac8 24. Rae1 Rc6 25. R1e2 Kf8 26. Bg3 Re8 27. R7e5 Be6 28. Rxc5 Ra6 29. b3 Rd8 30. Rc7 Ne8 31. Rb7 h5 32. gxh5 Ra5 33. Bh4 Rc8 34. Be7+ Kg8 35. c5 Nc7 36. Bd6 Ne8 37. Be7 Nc7 38. Rc2 Nd5 39. Bd6 Nc3 40. a4 Bd5 41. Rb4 Nd1 42. Rd2 Nc3 43. Bf5 Re8 44. Rdxd4 g6 45. hxg6 fxg6 46. Rg4 Re1 47. Rb8+ Kh7 48. Bxg6+ Kg7 49. Bh5+ Kh7 50. Bg6+ Kg7 51. Bd3+ Kf6 52. Rg6+ Kf7 53. Rf8# 1-0

[Event "Commonwealth-ch"]
[Site "New Delhi"]
[Date "2018.06.27"]
[Round "2"]
[White "Koustav, Chatterjee"]
[Black "Polakhare, Aryan"]
[Result "1-0"]
[WhiteElo "2365"]
[BlackElo "2009"]
[PlyCount "109"]
[EventDate "2018.06.26"]
[EventType "swiss"]
[EventRounds "9"]
[EventCountry "IND"]
[SourceTitle "CBM 185 Extra"]
[Source "ChessBase"]
[SourceDate "2018.07.29"]
[SourceVersion "1"]
[SourceVersionDate "2018.07.29"]
[SourceQuality "1"]

1. c4 e5 2. g3 Nf6 3. Bg2 h6 4. Nf3 e4 5. Nd4 d5 6. cxd5 Qxd5 7. Nc2 Qh5 8. h3 Qg6 9. Nc3 Bd7 10. Ne3 Bc5 11. d4 Bb6 12. Nc4 Nc6 13. d5 Nd8 14. Nxb6 axb6 15. Qd4 0-0 16. Nxe4 Nxd5 17. Qxd5 Bc6 18. Qd3 f5 19. 0-0 fxe4 20. Qc3 Ne6 21. Be3 Ra5 22. Rfd1 Qh5 23. Rd2 Ng5 24. h4 Nh7 25. b4 Re5 26. a4 Nf6 27. b5 Nd5 28. Qb3 Be8 29. Bf4 Bf7 30. Bxe5 Qxe5 31. Qb2 Qf5 32. e3 Bh5 33. Qb3 c6 34. bxc6 bxc6 35. Qc4 Qe5 36. Rc1 Bf3 37. Qxc6 Ne7 38. Qd6 Qa5 39. Rb2 Rf7 40. Qxb6 Qxa4 41. Bxf3 exf3 42. Qe6 Qe8 43. Rcb1 Kh7 44. Rb8 Rf6 45. Rxe8 Rxe6 46. Rb7 Ra6 47. Rexe7 Ra1+ 48. Kh2 Ra8 49. Rxg7+ Kh8 50. g4 Ra2 51. Kg3 h5 52. g5 Ra1 53. Rh7+ Kg8 54. Rhc7 Ra8 55. g6 1-0

[Event "Mumbai Mayors Cup 10th"]
[Site "Mumbai"]
[Date "2017.06.06"]
[Round "4"]
[White "Polakhare, Aryan"]
[Black "Bhakti, Kulkarni"]
[Result "1/2-1/2"]
[WhiteElo "1791"]
[BlackElo "2292"]
[PlyCount "118"]
[EventDate "2017.06.04"]
[EventType "swiss"]
[EventRounds "10"]
[EventCountry "IND"]
[SourceTitle "CBM 178 Extra"]
[Source "ChessBase"]
[SourceDate "2017.06.22"]
[SourceVersion "1"]
[SourceVersionDate "2017.06.22"]
[SourceQuality "1"]

1. e4 d5 2. exd5 Qxd5 3. Nc3 Qd6 4. d4 Nf6 5. Bd3 c6 6. Nge2 g6 7. Bf4 Qb4 8. a3 Qa5 9. Qd2 Bg7 10. 0-0-0 0-0 11. f3 Nbd7 12. Bh6 c5 13. Bxg7 Kxg7 14. h4 cxd4 15. Nxd4 h5 16. Nb3 Qb6 17. Rde1 e5 18. g4 a5 19. g5 Ng8 20. a4 Ne7 21. f4 Qd6 22. Nb5 Qb8 23. fxe5 Nxe5 24. Rxe5 Qxe5 25. Re1 Qg3 26. Rxe7 Bg4 27. Qe1 Qf4+ 28. Qe3 Qh2 29. Qe5+ Qxe5 30. Rxe5 b6 31. Kd2 Rfe8 32. Rxe8 Rxe8 33. N3d4 f6 34. gxf6+ Kxf6 35. c4 Rd8 36. b4 axb4 37. Nc6 Ra8 38. Nxb4 Rxa4 39. Nd5+ Kg7 40. Nxb6 Ra2+ 41. Kc3 Rh2 42. c5 Rxh4 43. c6 Rh3 44. Kd4 h4 45. Be4 Rb3 46. Kc4 Re3 47. Bd5 Re5 48. c7 Rxd5 49. Kxd5 h3 50. Kd6 h2 51. Nd7 h1Q 52. c8Q Qh2+ 53. Kc6 Qc2+ 54. Kb7 Qf5 55. Qc3+ Kh6 56. Qh8+ Kg5 57. Qe5 Qxe5 58. Nxe5 Bf5 59. Nxg6 Bxg6 1/2-1/2

[Event "IND-ch U13"]
[Site "Gujarath"]
[Date "2016.07.28"]
[Round "9"]
[White "Sreeshwan, Maralakshikari"]
[Black "Polakhare, Aryan"]
[Result "1-0"]
[WhiteElo "2043"]
[BlackElo "1701"]
[PlyCount "63"]
[EventDate "2016.07.22"]
[EventType "swiss"]
[EventRounds "11"]
[EventCountry "IND"]
[SourceTitle "EXT 2017"]
[Source "ChessBase"]
[SourceDate "2016.10.25"]
[SourceVersion "1"]
[SourceVersionDate "2016.10.25"]
[SourceQuality "1"]

1. e4 c5 2. Nf3 e6 3. d4 cxd4 4. Nxd4 a6 5. Nc3 Qc7 6. Be2 Nf6 7. 0-0 Bb4 8. Qd3 Nc6 9. Nxc6 bxc6 10. a3 Be7 11. Be3 d5 12. exd5 cxd5 13. Na4 Rb8 14. b4 0-0 15. Nc5 e5 16. c3 a5 17. h3 Rd8 18. Rac1 Bxc5 19. bxc5 Ne4 20. c4 Ba6 21. Qc2 d4 22. Qxe4 dxe3 23. Qxe3 Rdc8 24. Bg4 Rd8 25. Bf3 Rd4 26. Bd5 Bb7 27. Rfd1 Qxc5 28. Qxe5 Rxd1+ 29. Rxd1 Rc8 30. Bxf7+ Kf8 31. Rd8+ Rxd8 32. Qxc5+ 1-0

[Event "Panchavati op 2nd"]
[Site "Panchavati"]
[Date "2016.05.20"]
[Round "7"]
[White "Polakhare, Aryan"]
[Black "Chitlange, Sakshi"]
[Result "0-1"]
[WhiteElo "1665"]
[BlackElo "1928"]
[PlyCount "144"]
[EventDate "2016.05.17"]
[EventType "swiss"]
[EventRounds "10"]
[EventCountry "IND"]
[SourceTitle "CBM 172 Extra"]
[Source "ChessBase"]
[SourceDate "2016.06.21"]
[SourceVersion "1"]
[SourceVersionDate "2016.06.21"]
[SourceQuality "1"]

1. e4 c6 2. d4 d5 3. e5 Bf5 4. h4 h6 5. c4 e6 6. Nc3 Nd7 7. Be3 dxc4 8. Bxc4 Nb6 9. Bb3 Ne7 10. f3 Ned5 11. Qd2 Nxe3 12. Qxe3 Be7 13. g3 a5 14. a3 a4 15. Ba2 Ra5 16. Nge2 c5 17. Rd1 c4 18. Nf4 0-0 19. 0-0 Qc7 20. Kh1 Rd8 21. Rg1 Bh7 22. Qf2 Rd7 23. g4 Qd8 24. g5 hxg5 25. hxg5 Bxg5 26. Qg3 Bh6 27. Nh5 Bg6 28. Qg4 Nd5 29. Qh3 Kh8 30. Nxd5 Rdxd5 31. Bb1 Rxd4 32. Rxd4 Qxd4 33. Bxg6 fxg6 34. Rxg6 Rxe5 35. Nxg7 Re1+ 36. Kh2 Re2+ 37. Kh1 Re1+ 38. Kh2 Qxb2+ 39. Rg2 Qe5+ 40. Rg3 Kh7 41. Ne8 Re2+ 42. Kh1 Re1+ 43. Kh2 Qf4 44. Qh5 Qd2+ 45. Rg2 Qf4+ 46. Rg3 Qd2+ 47. Rg2 Qf4+ 48. Rg3 Rh1+ 49. Kxh1 Qxg3 50. Qf7+ Kh8 51. Qf6+ Bg7 52. Nxg7 Qxg7 53. Qxe6 Qh7+ 54. Kg2 Qg8+ 55. Qxg8+ Kxg8 56. Kf2 Kf7 57. Ke3 Kf6 58. Kd4 b5 59. Kc3 Kf5 60. Kb4 Kf4 61. Kxb5 c3 62. Kxa4 c2 63. Kb5 c1Q 64. a4 Qc8 65. a5 Qb7+ 66. Kc5 Kxf3 67. Kc4 Ke4 68. Kc5 Kd3 69. a6 Qxa6 70. Kb4 Qb6+ 71. Ka3 Kc3 72. Ka2 Qb2# 0-1

[Event "Mumbai Wealth op U13"]
[Site "Mumbai"]
[Date "2016.01.29"]
[Round "2"]
[White "Polakhare, Aryan"]
[Black "Bagwe, Gaurang"]
[Result "1-0"]
[WhiteElo "1661"]
[BlackElo "1234"]
[PlyCount "111"]
[EventDate "2016.01.28"]
[EventType "swiss"]
[EventRounds "9"]
[EventCountry "IND"]
[SourceTitle "CBM 170 Extra"]
[Source "ChessBase"]
[SourceDate "2016.02.25"]
[SourceVersion "1"]
[SourceVersionDate "2016.02.25"]
[SourceQuality "1"]

1. e4 c5 2. Nf3 d6 3. d4 cxd4 4. Nxd4 Nf6 5. Nc3 g6 6. Be3 Bg7 7. f3 0-0 8. Qd2 Nc6 9. Bc4 Bd7 10. 0-0-0 Rc8 11. Bb3 Nxd4 12. Bxd4 Qa5 13. Kb1 Qc7 14. Bxf6 exf6 15. Qxd6 Qxd6 16. Rxd6 Bc6 17. Rhd1 Rfe8 18. Bd5 f5 19. Bxc6 bxc6 20. exf5 gxf5 21. Na4 Be5 22. Rh6 Rb8 23. Rxc6 Rb4 24. b3 Rxa4 25. Re1 Ra5 26. f4 f6 27. fxe5 fxe5 28. c4 e4 29. g3 Rae5 30. Rc7 a5 31. Rd7 e3 32. Rd5 Kg7 33. Rxe5 Rxe5 34. Kc2 Kf6 35. Kd3 h5 36. Rxe3 Rc5 37. a3 Rc8 38. b4 Rd8+ 39. Kc2 axb4 40. axb4 Rd4 41. Kc3 Rd1 42. b5 Rc1+ 43. Kb4 Rc2 44. b6 Rxh2 45. b7 Rb2+ 46. Rb3 Rxb3+ 47. Kxb3 Kg5 48. b8Q h4 49. Qf4+ Kg6 50. gxh4 Kg7 51. Qxf5 Kh8 52. Qd7 Kg8 53. c5 Kf8 54. c6 Kg8 55. c7 Kf8 56. c8R# 1-0